000 00446nam a2200157 a 4500
001 000032314
005 20200930065557.0
008 110714s19uu es a 000 0 spa d
040 _aDO-SdBNP
_bspa
_cBNPHU
082 _axxx
_bM516b
100 1 _aMejía, Abigail
_928484
245 1 0 _aBrotes de la raza /
_cAbigail Mejía.
260 _aBarcelona, España :
_bCasa Editorial Araluce,
_c[197u].
300 _a167 p. :
_bil ;
_c17 cm.
049 _aBNPD
999 _c31805
_d31805